| 000 | 00350nam a2200109Ia 4500 | ||
|---|---|---|---|
| 008 | 171211s9999 xx 000 0 und d | ||
| 245 | 4 | _aThe Theory of Evolution : From a Space Vacuum to Neural Ensembles and Moving Forward | |
| 245 | _cOleg Bazaluk | ||
| 260 | _c2016 | ||
| 650 | _xASTRONOMY | ||
| 856 | _uhttp://down.ebook777.com/063/9781443887212.pdf | ||
| 999 |
_c349415 _d349415 |
||